000 00769nam a2200289Ia 4500
005 20260324113232.0
008 008 260324s9999 xx 000 0 eng d
020 _a9781003349914
037 _aEBOOK
040 _aCRL
040 _beng
040 _cCRL
041 _2eng
041 _aeng
084 _qCRL
100 _aEsther Monzó-Nebot; María Lomeña-Galiano
_91145961
245 0 _aToward Inclusion and Social Justice in Institutional Translation and Interpreting
245 0 _bRevealing Hidden Practices of Exclusion
260 _bTaylor and Francis
260 _c2024
365 _a
365 _b230
856 _uhttp://www.taylorfrancis.com/books/9781003349914
942 _cEBOOK
999 _c1735506
_d1735506